| 000 | 00931nam a2200241 a 4500 | ||
|---|---|---|---|
| 001 | 000016769 | ||
| 003 | DO-SdBNP | ||
| 005 | 20231026134741.0 | ||
| 008 | 100310s1999 dr ac 000 0 spa d | ||
| 040 |
_aDO-SdBNP _bspa _cBNPHU |
||
| 082 | 4 |
_a972.9362 _bA795h _222 |
|
| 100 |
_aArvelo, Genaro _d1954- _937157 |
||
| 245 | 1 | 0 |
_aHistoria del municipio de Gaspar Hernández / _cGenaro Arvelo. |
| 260 |
_aSanto Domingo : _bEditoria Veldez, _c1999. |
||
| 300 |
_a158 p. : _bil., retrs. ; _c22 cm. |
||
| 500 | _aIncluye datos biográficos del autor en la contraportada | ||
| 500 | _aIncluye notas al pie de las páginas | ||
| 504 | _aIncluye referencias bibliográficas | ||
| 650 | 4 |
_aCiudades y pueblos _zRepública Dominicana _9784 |
|
| 651 | 4 |
_aGaspar Henández (República Dominicana) _xHistoria local _937158 |
|
| 651 | 4 |
_aGaspar Henández (República Dominicana) _xVida social y costumbres _937159 _vBiografías |
|
| 942 |
_2ddc _cLBS1 |
||
| 999 |
_c16301 _d16301 |
||